000 00580nam a2200229Ia 4500
003 OSt
005 20220923230125.0
006 a|||||r|||| 00| 0
007 ta
008 Pun
024 _a277,563
037 _cTextual
040 _aARTS
_cARTS
_bPun
041 _2Pun
_aPun
082 _aO153,3NNAx, J5
100 _aਸਿੰਘ, ਨਵਤੇਜ
245 0 _aਕੇਸ ਵਾਪਸੀ
260 _c1955
650 _aਪੰਜਾਬੀ ਸਾਹਿਤ
942 _hO153,3NNAx, J5
_cTEXL
_2CC
999 _c382615
_d382615